BSOP header

The silver feather : (Record no. 43218)

MARC details
000 -LEADER
fixed length control field 00787pam a22002413i 4500
001 - CONTROL NUMBER
control field 883097
005 - DATE AND TIME OF LATEST TRANSACTION
control field 20180911152346.0
008 - FIXED-LENGTH DATA ELEMENTS--GENERAL INFORMATION
fixed length control field 801202s1981 ilu 000 0aeng
010 ## - LIBRARY OF CONGRESS CONTROL NUMBER
LC control number 80027855
020 ## - INTERNATIONAL STANDARD BOOK NUMBER
International Standard Book Number 0871787873
Terms of availability $2.50
040 ## - CATALOGING SOURCE
Original cataloging agency DLC
Transcribing agency DLC
Modifying agency DLC
100 1# - MAIN ENTRY--PERSONAL NAME
Personal name Bachman, Mae Graybill,
Dates associated with a name 1915-
245 14 - TITLE STATEMENT
Title The silver feather :
Remainder of title a young woman discovers that God hears the silent screams of her heart /
Statement of responsibility, etc Mae Graybill Bachman.
260 ## - PUBLICATION, DISTRIBUTION, ETC. (IMPRINT)
Place of publication, distribution, etc Elgin, Ill. :
Name of publisher, distributor, etc The Brethren Press,
Date of publication, distribution, etc c1981.
300 ## - PHYSICAL DESCRIPTION
Extent 132 p. ;
Dimensions 18 cm.
336 ## - CONTENT TYPE
Content Type Term text
337 ## - MEDIA TYPE
Media Type Term unmediated
338 ## - CARRIER TYPE
Carrier Type Term volume
600 10 - SUBJECT ADDED ENTRY--PERSONAL NAME
Personal name Bachman, Mae Graybill,
Dates associated with a name 1915-
650 #0 - SUBJECT ADDED ENTRY--TOPICAL TERM
Topical term or geographic name as entry element Brethren (Church of the Brethren).
710 2# - ADDED ENTRY--CORPORATE NAME
Corporate name or jurisdiction name as entry element Copyright Paperback Collection (Library of Congress)
Institution to which field applies DLC
942 ## - ADDED ENTRY ELEMENTS (KOHA)
Source of classification or shelving scheme Library of Congress Classification
Item type Books
Holdings
Withdrawn status Lost status Source of classification or shelving scheme Damaged status Not for loan Home library Current library Shelving location Date acquired Source of acquisition Inventory number Total Checkouts Full call number Barcode Date last seen Price effective from Koha item type
    Library of Congress Classification     BSOP Library BSOP Library GC 09/11/2018 Donation by Drs. George and Anne Harper 41815   BX7843 B12 1981 00052815 09/11/2018 09/11/2018 Books
BSOP

Biblical Seminary of the Philippines
  All rights Reserved
  © 2024

CONTACT INFORMATION

Biblical Seminary of the Philippines,
  77-B Karuhatan Road, Valenzuela City,
  PHILIPPINES 1441
  Phone: +632 8292-6795 / 8292-6798
  Fax : +632 8292-6675
  Email: library@bsop.edu.ph